000 00555nam a2200181Ia 4500
003 OSt
005 20200708123900.0
008 190216s9999||||xx |||||||||||||| ||und||
020 _a8187746548
040 _coclc
082 _a907.2022
_bSIN/E
100 _aSingh, N K
_93668
245 0 _aEncyclopaedic Historiography Of The Muslim World Vol 1,2,3 /
_cN K Singh ; A Samiuddin
260 _bGlobal Vision Publishing,
_aDelhi:
_c2003.
300 _a336p
650 _aHistory
942 _cBK
_2ddc
_h907.2022
_iSIN/E
_k907.2022
_mSIN/E
999 _c21064
_d21064